000 00399nam a22001937a 4500
003 UA-OsUOA
001 2641
007 ta
008 20050721b un ||||| |||| 00| 0 ukr d
100 _aChaffee
700 _aS.
700 _aAdler
700 _aB.
942 _cBK
040 _aUA-OsUOA
_cUA-OsUOA
_dUA-OsUOA
245 _aThe I love NY. Fitness book.
_bHealth
955 _a2
650 7 _2UDC
999 _c288803
_d288803